De las hazañas de Francisco Jiménez de Cisneros / (Record n. 3008)
[ formato base ]
| 000 -LEADER | |
|---|---|
| fixed length control field | 00981nam a2200265 i 4500 |
| 003 - CONTROL NUMBER IDENTIFIER | |
| control field | IT-RoINE |
| 005 - DATE AND TIME OF LATEST TRANSACTION | |
| control field | 20200619085454.0 |
| 008 - FIXED-LENGTH DATA ELEMENTS--GENERAL INFORMATION | |
| fixed length control field | 860104s1984 sp |r 001 bspa d |
| 020 ## - INTERNATIONAL STANDARD BOOK NUMBER | |
| International Standard Book Number | 8473922352 |
| 040 ## - CATALOGING SOURCE | |
| Original cataloging agency | IBH |
| Language of cataloging | spa |
| Transcribing agency | SpMaBN IT-RoINE |
| Modifying agency | IT-RoINE |
| 100 1# - MAIN ENTRY--PERSONAL NAME | |
| 9 (RLIN) | 5958 |
| Personal name | Gómez de Castro, Alvar, |
| Dates associated with a name | 1515-1580 |
| 245 10 - TITLE STATEMENT | |
| Title | De las hazañas de Francisco Jiménez de Cisneros / |
| Statement of responsibility, etc | Alvar Gómez de Castro ; edición, traducción y notas por José Oroz Reta. |
| 260 ## - PUBLICATION, DISTRIBUTION, ETC. (IMPRINT) | |
| Place of publication, distribution, etc | Madrid : |
| Name of publisher, distributor, etc | Fundación Universitaria Española, |
| Date of publication, distribution, etc | 1984. |
| 300 ## - PHYSICAL DESCRIPTION | |
| Extent | 611 p. ; |
| Dimensions | 21 cm. |
| 336 ## - CONTENT TYPE | |
| Source | rdacontent |
| Content type term | text |
| 337 ## - MEDIA TYPE | |
| Source | rdamedia |
| Media type term | unmediated |
| 338 ## - CARRIER TYPE | |
| Source | rdacarrier |
| Carrier type term | volume |
| 490 1# - SERIES STATEMENT | |
| Series statement | Clásicos olvidados ; |
| Volume number/sequential designation | 7 |
| 500 ## - GENERAL NOTE | |
| General note | Incluye índice. |
| 504 ## - BIBLIOGRAPHY, ETC. NOTE | |
| Bibliography, etc | Bibliografía: p. 583-586. |
| 600 14 - SUBJECT ADDED ENTRY--PERSONAL NAME | |
| 9 (RLIN) | 1392 |
| Personal name | Jiménez de Cisneros, Francisco, |
| Titles and other words associated with a name | Cardenal, |
| Dates associated with a name | 1436-1517 |
| General subdivision | Biografía |
| 700 1# - ADDED ENTRY--PERSONAL NAME | |
| 9 (RLIN) | 5959 |
| Personal name | Oroz Reta, José, |
| Titles and other words associated with a name | O.R.S.A., |
| Dates associated with a name | 1923-1996 |
| 830 #0 - SERIES ADDED ENTRY--UNIFORM TITLE | |
| 9 (RLIN) | 5960 |
| Uniform title | Clásicos olvidados ; |
| Volume number/sequential designation | 7 |
| 942 ## - ADDED ENTRY ELEMENTS (KOHA) | |
| Item type | Monografías |
| Withdrawn status | Lost status | Damaged status | Not for loan | Home library | Current library | Date acquired | Total Checkouts | Full call number | Barcode | Date last seen | Price effective from | Koha item type |
|---|---|---|---|---|---|---|---|---|---|---|---|---|
| Iglesia Nacional Española en Roma | Iglesia Nacional Española en Roma | 10/04/2014 | BIO 1056 | 3455 | 10/04/2014 | 10/04/2014 | Monografías |